<?xml version="1.0" encoding="UTF-8"?>
<record
    xmlns:xsi="http://www.w3.org/2001/XMLSchema-instance"
    xsi:schemaLocation="http://www.loc.gov/MARC21/slim http://www.loc.gov/standards/marcxml/schema/MARC21slim.xsd"
    xmlns="http://www.loc.gov/MARC21/slim">

  <leader>02046nam a22002897a 4500</leader>
  <controlfield tag="008">140609s2013    mx a   | |||| 00| 0 mx  d</controlfield>
  <datafield tag="020" ind1=" " ind2=" ">
    <subfield code="a">9786074482935</subfield>
  </datafield>
  <datafield tag="050" ind1=" " ind2="4">
    <subfield code="a">RJ45</subfield>
    <subfield code="b">M37 2013</subfield>
  </datafield>
  <datafield tag="082" ind1=" " ind2=" ">
    <subfield code="2">618.92 M385s 2013</subfield>
  </datafield>
  <datafield tag="100" ind1="1" ind2=" ">
    <subfield code="a">Mart&#xED;nez y Martinez, Roberto</subfield>
    <subfield code="e">autor</subfield>
  </datafield>
  <datafield tag="245" ind1="1" ind2="0">
    <subfield code="a">Salud y enfermedad del ni&#xF1;o y del adolescente</subfield>
    <subfield code="c">/ Roberto Mart&#xED;nez y Mart&#xED;nez, Armando Renter&#xED;a C&#xE1;rdenasy editor  Carlos G. Alonso Rivera</subfield>
  </datafield>
  <datafield tag="250" ind1=" " ind2=" ">
    <subfield code="a">7a.edici&#xF3;n</subfield>
  </datafield>
  <datafield tag="260" ind1="3" ind2=" ">
    <subfield code="a">M&#xE9;xico </subfield>
    <subfield code="b"> : El Manual Moderno</subfield>
    <subfield code="c"> , 2013</subfield>
  </datafield>
  <datafield tag="300" ind1=" " ind2=" ">
    <subfield code="a">xlv, 1849 p&#xE1;ginas</subfield>
    <subfield code="b">ilustrado</subfield>
  </datafield>
  <datafield tag="500" ind1=" " ind2=" ">
    <subfield code="a"> Incluye ap&#xE9;dices (pp. 1750-1821)
Incluye &#xED;ndice General (pp.1833-1849)</subfield>
  </datafield>
  <datafield tag="504" ind1=" " ind2=" ">
    <subfield code="a">Incluye Referencias Bibliogr&#xE1;ficas en cada tema,</subfield>
  </datafield>
  <datafield tag="505" ind1="1" ind2=" ">
    <subfield code="a">El proceso salud-enfermedad del ni&#xF1;o y el adolescente. La situaci&#xF3;n de latinoam&#xE9;rica y el caribe
El proceso de salud-enfermedad dentro del marco de la historia natural y social de la enfermedad
Atenci&#xF3;n m&#xE9;dica de la salud-enfermedad a nivel individual, familiar y comunitario
Crecimiento y desarrollo
Etapa prenatal
Neonatolog&#xED;a
Etapa lactante
Etapa preescolar
Etapa escolar
Historia cl&#xED;nica pedi&#xE1;trica
Ense&#xF1;anza aprendizaje e investigaci&#xF3;n en pediatr&#xED;a
Puericultura
El ni&#xF1;o y su ambiente
Fisiopatolog&#xED;a del agua y electrol&#xED;tos y terap&#xE9;utica h&#xED;drica
Problemas psicosociales y psiquiatricos
Gen&#xE9;tica
Nutrici&#xF3;n,metabolismo y trastornos nutricionales
Infectolog&#xED;a
Aparato respiratorio
Gastroentolog&#xED;a
Cardiolog&#xED;a
Urolog&#xED;a-nefrolog&#xED;a</subfield>
  </datafield>
  <datafield tag="519" ind1=" " ind2=" ">
    <subfield code="a">Material complementario /</subfield>
    <subfield code="b">Enfermer&#xED;a /</subfield>
    <subfield code="c">Enfermer&#xED;a de la ni&#xF1;ez y la adolescencia (1510) /</subfield>
    <subfield code="d">(23 000606, 23 000607, 23 000608, 23 000609)</subfield>
  </datafield>
  <datafield tag="650" ind1="1" ind2="4">
    <subfield code="a">PEDIATR&#xCD;A</subfield>
  </datafield>
  <datafield tag="650" ind1="2" ind2=" ">
    <subfield code="a">NI&#xD1;OS </subfield>
    <subfield code="x">ENFERMEDADES</subfield>
  </datafield>
  <datafield tag="650" ind1="2" ind2="4">
    <subfield code="a">NI&#xD1;OS</subfield>
    <subfield code="x">SALUD E HIGIENE</subfield>
  </datafield>
  <datafield tag="650" ind1="2" ind2="4">
    <subfield code="a">ADOLESCENTES</subfield>
    <subfield code="x">ENFERMEDADES Y DIAGNOSTICO</subfield>
  </datafield>
  <datafield tag="700" ind1="1" ind2=" ">
    <subfield code="a">Renter&#xED;a C&#xE1;rdenas, Armando</subfield>
    <subfield code="e">autor</subfield>
  </datafield>
  <datafield tag="700" ind1="1" ind2=" ">
    <subfield code="a">Alonso Rivera, Carlos G.</subfield>
    <subfield code="e">editor</subfield>
  </datafield>
  <datafield tag="942" ind1=" " ind2=" ">
    <subfield code="c">LB</subfield>
  </datafield>
  <datafield tag="952" ind1=" " ind2=" ">
    <subfield code="0">0</subfield>
    <subfield code="1">0</subfield>
    <subfield code="2">lcc</subfield>
    <subfield code="4">0</subfield>
    <subfield code="7">0</subfield>
    <subfield code="a">15</subfield>
    <subfield code="b">15</subfield>
    <subfield code="d">2014-03-10</subfield>
    <subfield code="l">8</subfield>
    <subfield code="o">618.92 M385s 2013</subfield>
    <subfield code="p">15 006710</subfield>
    <subfield code="r">2020-01-10</subfield>
    <subfield code="s">2020-01-10</subfield>
    <subfield code="t">1</subfield>
    <subfield code="w">2015-01-23</subfield>
    <subfield code="y">LB</subfield>
  </datafield>
  <datafield tag="952" ind1=" " ind2=" ">
    <subfield code="0">0</subfield>
    <subfield code="1">0</subfield>
    <subfield code="2">lcc</subfield>
    <subfield code="4">0</subfield>
    <subfield code="7">0</subfield>
    <subfield code="a">15</subfield>
    <subfield code="b">15</subfield>
    <subfield code="d">2014-03-10</subfield>
    <subfield code="l">15</subfield>
    <subfield code="o">618.92 M385s 2013</subfield>
    <subfield code="p">15 006711</subfield>
    <subfield code="r">2018-11-21</subfield>
    <subfield code="s">2018-11-21</subfield>
    <subfield code="t">2</subfield>
    <subfield code="w">2015-01-23</subfield>
    <subfield code="y">LB</subfield>
  </datafield>
  <datafield tag="952" ind1=" " ind2=" ">
    <subfield code="0">0</subfield>
    <subfield code="1">0</subfield>
    <subfield code="4">0</subfield>
    <subfield code="7">0</subfield>
    <subfield code="a">11</subfield>
    <subfield code="b">11</subfield>
    <subfield code="d">2015-07-20</subfield>
    <subfield code="l">0</subfield>
    <subfield code="o">RJ45 M37 2013</subfield>
    <subfield code="p">11 012272</subfield>
    <subfield code="r">2015-07-20</subfield>
    <subfield code="t">1</subfield>
    <subfield code="w">2015-07-20</subfield>
    <subfield code="y">LB</subfield>
  </datafield>
  <datafield tag="952" ind1=" " ind2=" ">
    <subfield code="0">0</subfield>
    <subfield code="1">0</subfield>
    <subfield code="4">0</subfield>
    <subfield code="7">0</subfield>
    <subfield code="a">11</subfield>
    <subfield code="b">11</subfield>
    <subfield code="d">2015-07-20</subfield>
    <subfield code="l">0</subfield>
    <subfield code="o">RJ45 M37 2013</subfield>
    <subfield code="p">11 012273</subfield>
    <subfield code="r">2015-07-20</subfield>
    <subfield code="t">2</subfield>
    <subfield code="w">2015-07-20</subfield>
    <subfield code="y">LB</subfield>
  </datafield>
  <datafield tag="952" ind1=" " ind2=" ">
    <subfield code="0">0</subfield>
    <subfield code="1">0</subfield>
    <subfield code="4">0</subfield>
    <subfield code="7">0</subfield>
    <subfield code="a">23</subfield>
    <subfield code="b">23</subfield>
    <subfield code="d">2016-05-19</subfield>
    <subfield code="l">5</subfield>
    <subfield code="o">RJ45 M37 2013</subfield>
    <subfield code="p">23 000606</subfield>
    <subfield code="r">2025-03-10</subfield>
    <subfield code="s">2023-07-27</subfield>
    <subfield code="t">1</subfield>
    <subfield code="w">2016-05-19</subfield>
    <subfield code="y">LB</subfield>
  </datafield>
  <datafield tag="952" ind1=" " ind2=" ">
    <subfield code="0">0</subfield>
    <subfield code="1">0</subfield>
    <subfield code="4">0</subfield>
    <subfield code="7">0</subfield>
    <subfield code="a">23</subfield>
    <subfield code="b">23</subfield>
    <subfield code="d">2016-05-19</subfield>
    <subfield code="l">13</subfield>
    <subfield code="o">RJ45 M37 2013</subfield>
    <subfield code="p">23 000607</subfield>
    <subfield code="r">2026-02-18</subfield>
    <subfield code="s">2023-11-23</subfield>
    <subfield code="t">2</subfield>
    <subfield code="w">2016-05-19</subfield>
    <subfield code="y">LB</subfield>
  </datafield>
  <datafield tag="952" ind1=" " ind2=" ">
    <subfield code="0">0</subfield>
    <subfield code="1">0</subfield>
    <subfield code="4">0</subfield>
    <subfield code="7">0</subfield>
    <subfield code="a">23</subfield>
    <subfield code="b">23</subfield>
    <subfield code="d">2016-05-19</subfield>
    <subfield code="l">19</subfield>
    <subfield code="m">1</subfield>
    <subfield code="o">RJ45 M37 2013</subfield>
    <subfield code="p">23 000608</subfield>
    <subfield code="r">2025-02-28</subfield>
    <subfield code="s">2025-02-27</subfield>
    <subfield code="t">3</subfield>
    <subfield code="w">2016-05-19</subfield>
    <subfield code="y">LB</subfield>
  </datafield>
  <datafield tag="952" ind1=" " ind2=" ">
    <subfield code="0">0</subfield>
    <subfield code="1">0</subfield>
    <subfield code="4">0</subfield>
    <subfield code="7">0</subfield>
    <subfield code="a">23</subfield>
    <subfield code="b">23</subfield>
    <subfield code="d">2016-05-19</subfield>
    <subfield code="l">9</subfield>
    <subfield code="m">1</subfield>
    <subfield code="o">RJ45 M37 2013</subfield>
    <subfield code="p">23 000609</subfield>
    <subfield code="r">2026-02-06</subfield>
    <subfield code="s">2024-09-27</subfield>
    <subfield code="t">4</subfield>
    <subfield code="w">2016-05-19</subfield>
    <subfield code="y">LB</subfield>
  </datafield>
  <datafield tag="999" ind1=" " ind2=" ">
    <subfield code="c">93041</subfield>
    <subfield code="d">93041</subfield>
  </datafield>
</record>
